Direito e Economia

Bibliographic Details
Main Author: Castelar Pinheiro, Armando
Other Authors: Maristrello Porto, Antn̥io Još, Pinheiro Sampaio, Patrc̕ia Regina
Format: eBook
Language:Portuguese
Published: Rio de Janeiro: FGV - Direito Rio, 2021
Subjects:
Online Access:Acceso restringido

MARC

LEADER 00000nam a22000007a 4500
005 20220504222544.0
007 cr|||| ||||
008 220504s2021 br |||||s|||| 00||0 por d
020 |a 978-65-86060-21-8 
035 |a 36279 
040 |a vLex 
090 |c 13285  |d 13285 
100 1 |a Castelar Pinheiro, Armando 
245 1 0 |a Direito e Economia  |h [Recurso electrn̤ico] /  |c Armando Castelar Pinheiro, Antn̥io Jos ̌Maristrello Porto, Patrc̕ia Regina Pinheiro Sampaio 
256 |a Servicio en ln̕ea 
260 |a Rio de Janeiro:  |b FGV - Direito Rio,  |c 2021 
300 |a 1 recurso electrn̤ico 
506 1 |a Disponible solo en los productos indicados  |d vLex Global  |d vLex Global (Academic Edition, excluding Law Schools)  |d vLex Global (U.S. Academic Edition, Law Schools)  |d vLex Global (U.S. Academic Edition, excluding Law Schools)  |d vLex Global (Academic Edition, Law Schools) 
650 0 4 |a Derecho Fiscal  |z Brasil 
700 1 |a Maristrello Porto, Antn̥io Još 
700 1 |a Pinheiro Sampaio, Patrc̕ia Regina 
740 0 |a vLex Libros (Servicio en ln̕ea) 
856 4 0 |u https://app.vlex.com/#/sources/36279  |z Acceso restringido 
942 |c BOOK 
999 0 |a Tax Law